[Event "Serbia op-A"]
[Site "Belgrade"]
[Date "2025.07.14"]
[Round "5"]
[White "Khripachenko, Alexander"]
[Black "Alaverdyan, Gevorg"]
[Result "0-1"]
[WhiteElo "2405"]
[BlackElo "2278"]
[PlyCount "96"]
[EventDate "2025.07.14"]
[EventType "swiss"]
[EventRounds "9"]
[EventCountry "SRB"]
[SourceTitle "CB30_2025"]
[SourceDate "2025.07.23"]
[SourceVersion "1"]
[SourceVersionDate "2025.07.23"]
[SourceQuality "1"]

1. e4 c5 2. Nf3 Nc6 3. Bb5 g6 4. Bxc6 dxc6 5. 0-0 Bg7 6. Re1 e5 7. d3 Qe7 8. a3 Nf6 9. b4 0-0 10. Nbd2 Be6 11. bxc5 Qxc5 12. a4 Rfe8 13. Ba3 Qa5 14. Qb1 Nh5 15. Bb4 Qc7 16. Qb2 Rad8 17. Rab1 Bc8 18. Qa3 Nf4 19. Nc4 Qd7 20. Ne3 Qe6 21. Ba5 b6 22. Bc3 Qf6 23. Nd2 Qg5 24. Kh1 Bf8 25. Qb2 f6 26. Bb4 Bh6 27. Ndf1 Be6 28. a5 Bg7 29. axb6 axb6 30. Ra1 c5 31. Bc3 Rb8 32. Qb5 Red8 33. Ra7 h5 34. Qc6 Rdc8 35. Rc7 h4 36. h3 Rxc7 37. Qxc7 Ra8 38. Nh2 Bxh3 39. gxh3 Nxh3 40. Neg4 f5 41. exf5 gxf5 42. Qc6 Rf8 43. f4 exf4 44. Qd5+ Kh7 45. Bxg7 Qxg7 46. Re6 Qa1+ 47. Kg2 Qg1+ 48. Kf3 Qh1+ 0-1

[Event "Serbia op-A"]
[Site "Belgrade"]
[Date "2025.07.14"]
[Round "3"]
[White "Vignesh, NR."]
[Black "Alaverdyan, Gevorg"]
[Result "0-1"]
[WhiteElo "2531"]
[BlackElo "2278"]
[PlyCount "84"]
[EventDate "2025.07.14"]
[EventType "swiss"]
[EventRounds "9"]
[EventCountry "SRB"]
[SourceTitle "CB30_2025"]
[SourceDate "2025.07.23"]
[SourceVersion "1"]
[SourceVersionDate "2025.07.23"]
[SourceQuality "1"]

1. Nf3 Nf6 2. g3 g6 3. d4 d5 4. Bg2 Bg7 5. 0-0 c6 6. c4 0-0 7. b3 Be6 8. Nbd2 a5 9. Bb2 h6 10. Re1 Bf5 11. Nh4 Nbd7 12. f3 Qb6 13. Kh1 a4 14. e4 dxe4 15. fxe4 Ng4 16. Re2 Be6 17. e5 Ndxe5 18. dxe5 Nf2+ 19. Rxf2 Qxf2 20. Nhf3 Rfd8 21. Qe1 Qxe1+ 22. Rxe1 axb3 23. axb3 Ra2 24. Bc3 Bf5 25. h3 h5 26. Bb4 e6 27. Bd6 Rda8 28. Kh2 Rb2 29. g4 hxg4 30. hxg4 Bxg4 31. Kg3 Bxf3 32. Nxf3 Raa2 33. Bh3 Rxb3 34. c5 Bh6 35. Rd1 Ra4 36. Bg2 Bf4+ 37. Kh3 g5 38. Kg4 Rb2 39. Bf1 Be3+ 40. Kg3 g4 41. Be7 Bf2+ 42. Kg2 Bxc5+ 0-1

[Event "Titled Tuesday intern op 20th Aug Late"]
[Site "Chess.com INT"]
[Date "2024.08.20"]
[Round "1"]
[White "Alaverdyan, Gevorg"]
[Black "Kniazev, Igor"]
[Result "1-0"]
[WhiteElo "2253"]
[BlackElo "2036"]
[PlyCount "73"]
[EventDate "2024.08.20"]
[EventType "swiss (blitz)"]
[EventRounds "11"]
[EventCountry "USA"]
[SourceTitle "EXT 2025"]
[Source "ChessBase"]
[SourceDate "2024.10.14"]
[SourceVersion "1"]
[SourceVersionDate "2024.10.14"]
[SourceQuality "1"]

1. Nc3 g6 2. h4 Bg7 3. h5 gxh5 4. Rxh5 Nf6 5. Rh1 d5 6. d4 Nc6 7. e3 Bf5 8. Bd3 Qd7 9. Nf3 0-0-0 10. Bb5 Ne4 11. Nxe4 Bxe4 12. c3 Qg4 13. Rg1 Bxf3 14. Qxf3 Qxf3 15. gxf3 Rhg8 16. Ke2 h5 17. Rh1 Rh8 18. e4 e6 19. Be3 f5 20. Rag1 Bf6 21. Rg6 Rdf8 22. Bd3 Ne7 23. Rg2 h4 24. e5 f4 25. Bxf4 h3 26. Rg4 Rh4 27. exf6 Rxg4 28. fxe7 Rgxf4 29. exf8Q+ Rxf8 30. Rxh3 a6 31. Rh7 b5 32. Rg7 Rf6 33. Rg6 Rxg6 34. Bxg6 Kb7 35. f4 Kb6 36. Bf7 c5 37. Bxe6 1-0

[Event "Titled Tuesday intern op 20th Aug Late"]
[Site "Chess.com INT"]
[Date "2024.08.20"]
[Round "5"]
[White "Riehle, Marco"]
[Black "Alaverdyan, Gevorg"]
[Result "1-0"]
[WhiteElo "2380"]
[BlackElo "2253"]
[PlyCount "157"]
[EventDate "2024.08.20"]
[EventType "swiss (blitz)"]
[EventRounds "11"]
[EventCountry "USA"]
[SourceTitle "EXT 2025"]
[Source "ChessBase"]
[SourceDate "2024.10.14"]
[SourceVersion "1"]
[SourceVersionDate "2024.10.14"]
[SourceQuality "1"]

1. e4 Nf6 2. e5 Nd5 3. Nc3 Nxc3 4. dxc3 d5 5. Be3 Bf5 6. g4 Be4 7. f3 Bg6 8. Qd2 e6 9. 0-0-0 Nd7 10. f4 Be4 11. Bg2 Bxg2 12. Qxg2 c6 13. Nf3 h5 14. h3 Be7 15. f5 Qa5 16. Kb1 0-0-0 17. gxh5 Rxh5 18. fxe6 fxe6 19. Qxg7 Bc5 20. Bxc5 Nxc5 21. Qf7 Rf5 22. Qe7 Rd7 23. Qe8+ Rd8 24. Qe7 Rxf3 25. Rhg1 Qb6 26. Ka1 Na4 27. Qxe6+ Kb8 28. Rb1 a6 29. h4 Qc7 30. h5 Qf7 31. Qg4 Qf5 32. Qxa4 Qxe5 33. Qh4 Rh8 34. h6 Qf4 35. Rg4 Qf6 36. h7 Qxh4 37. Rxh4 Rf7 38. Rbh1 Kc7 39. b3 Kd7 40. Kb2 b6 41. a4 a5 42. c4 dxc4 43. bxc4 c5 44. Rh6 Kc7 45. Kc3 Rd7 46. R1h5 Re7 47. Kd3 Rd8+ 48. Rd5 Rh8 49. Rdh5 Rd8+ 50. Kc3 Rh8 51. Rh3 Rd7 52. Kb2 Kb7 53. Rb3 Kc7 54. Rhxb6 Rhxh7 55. R6b5 Kc6 56. Rxa5 Rh4 57. Rc3 Rb7+ 58. Rb5 Ra7 59. Kb3 Ra6 60. Rg3 Rh6 61. Rg5 Rh3+ 62. c3 Kc7 63. Rbxc5+ Kd7 64. Rg7+ Kd6 65. Rd5+ Kc6 66. Rg6+ Kb7 67. Rd7+ Kc8 68. Rxa6 Kxd7 69. c5 Kc7 70. Kb4 Rh1 71. Rg6 Rb1+ 72. Kc4 Kb7 73. Rb6+ Rxb6 74. cxb6 Kxb6 75. Kd5 Ka6 76. c4 Kb6 77. Kd6 Ka5 78. c5 Kxa4 79. c6 1-0

[Event "Vanadzor op"]
[Site "Vanadzor"]
[Date "2024.08.04"]
[Round "5"]
[White "Alaverdyan, Gevorg"]
[Black "Mkrtchian, Simon"]
[Result "1-0"]
[WhiteElo "2253"]
[BlackElo "2300"]
[PlyCount "39"]
[EventDate "2024.08.01"]
[EventType "swiss"]
[EventRounds "9"]
[EventCountry "ARM"]
[SourceTitle "CBM 221 Extra"]
[Source "ChessBase"]
[SourceDate "2024.09.30"]
[SourceVersion "1"]
[SourceVersionDate "2024.09.30"]
[SourceQuality "1"]

1. Nf3 d5 2. c4 e6 3. d4 Nf6 4. g3 Bb4+ 5. Bd2 Be7 6. Bg2 0-0 7. Qc2 Nbd7 8. Bf4 c6 9. h4 b6 10. Nc3 Bb7 11. Ng5 h6 12. e4 hxg5 13. hxg5 dxe4 14. gxf6 Nxf6 15. Nxe4 Nxe4 16. Qxe4 g6 17. Be5 Bf6 18. 0-0-0 Re8 19. Qf4 Bg5 20. Rh8# 1-0

[Event "Poti op 17th"]
[Site "Poti"]
[Date "2024.07.24"]
[Round "9"]
[White "Alaverdyan, Gevorg"]
[Black "Ghimoyan, Narek"]
[Result "0-1"]
[WhiteElo "2306"]
[BlackElo "2207"]
[PlyCount "76"]
[EventDate "2024.07.16"]
[EventType "swiss"]
[EventRounds "9"]
[EventCountry "GEO"]
[SourceTitle "EXT 2025"]
[Source "ChessBase"]
[SourceDate "2024.10.14"]
[SourceVersion "1"]
[SourceVersionDate "2024.10.14"]
[SourceQuality "1"]

1. d4 Nf6 2. Nf3 d5 3. g3 Bf5 4. Bg2 e6 5. c4 c6 6. Qb3 Qb6 7. c5 Qc7 8. Nc3 h6 9. Bf4 Qc8 10. Nd2 Be7 11. e4 Bh7 12. f3 0-0 13. Bd6 Re8 14. e5 Nfd7 15. Rc1 b6 16. cxb6 Qb7 17. Bxe7 Rxe7 18. 0-0 axb6 19. f4 Qa7 20. a3 b5 21. Ne2 Nb6 22. Qc3 Nc4 23. b4 Qxa3 24. Nxc4 bxc4 25. Qd2 Qd3 26. Qe1 Qe3+ 27. Rf2 Bd3 28. Nc3 Qxe1+ 29. Rxe1 Rb7 30. b5 Ra3 31. bxc6 Nxc6 32. Nxd5 exd5 33. Bxd5 Rb6 34. e6 Ne7 35. exf7+ Kf8 36. Be6 c3 37. d5 c2 38. Kg2 Rb1 0-1

[Event "Poti op 17th"]
[Site "Poti"]
[Date "2024.07.18"]
[Round "3"]
[White "Alaverdyan, Gevorg"]
[Black "Sanikidze, Tornike"]
[Result "1-0"]
[WhiteElo "2306"]
[BlackElo "2448"]
[PlyCount "63"]
[EventDate "2024.07.16"]
[EventType "swiss"]
[EventRounds "9"]
[EventCountry "GEO"]
[SourceTitle "EXT 2025"]
[Source "ChessBase"]
[SourceDate "2024.10.14"]
[SourceVersion "1"]
[SourceVersionDate "2024.10.14"]
[SourceQuality "1"]

1. e4 c5 2. Nf3 d6 3. d4 cxd4 4. Nxd4 Nf6 5. Nc3 Nc6 6. Bg5 e6 7. Qd2 a6 8. 0-0-0 Bd7 9. f3 h6 10. Be3 h5 11. Bd3 Qc7 12. h3 Ne5 13. g4 Nxd3+ 14. cxd3 Ng8 15. Kb1 Ne7 16. Rc1 Qd8 17. Qf2 Nc6 18. f4 Nxd4 19. Bxd4 Bc6 20. g5 Rh7 21. Rhf1 Be7 22. h4 Qd7 23. f5 e5 24. Bb6 Bd8 25. Bxd8 Qxd8 26. d4 Rh8 27. dxe5 dxe5 28. Rfd1 Qa5 29. Nd5 Kf8 30. b4 Qb5 31. a4 Qxa4 32. Qc5+ 1-0

[Event "Yerevan op-A 5th"]
[Site "Yerevan"]
[Date "2023.10.03"]
[Round "5"]
[White "Adhiban, Baskaran"]
[Black "Alaverdyan, Gevorg"]
[Result "1/2-1/2"]
[WhiteElo "2562"]
[BlackElo "2260"]
[PlyCount "69"]
[EventDate "2023.09.29"]
[EventType "swiss"]
[EventRounds "9"]
[EventCountry "ARM"]
[SourceTitle "CBM 216 Extra"]
[Source "ChessBase"]
[SourceDate "2023.11.30"]
[SourceVersion "1"]
[SourceVersionDate "2023.11.30"]
[SourceQuality "1"]

1. e4 c5 2. Nf3 Nc6 3. Bb5 g6 4. c3 Bg7 5. d4 Qb6 6. a4 cxd4 7. 0-0 a6 8. Bxc6 dxc6 9. a5 Qc7 10. cxd4 Bg4 11. Be3 Nf6 12. Nbd2 0-0 13. Qc2 Rad8 14. h3 Bxf3 15. Nxf3 Qc8 16. Rfe1 Ne8 17. Bg5 Rd7 18. Red1 Nc7 19. Rd3 Nb5 20. Rad1 Qc7 21. b4 Rfd8 22. Be3 e6 23. h4 Qd6 24. Qc4 h6 25. Ne5 Rc7 26. Ng4 Kh7 27. e5 Qf8 28. Qb3 Rcd7 29. Qb1 Kh8 30. g3 Rd5 31. Kg2 R8d7 32. R1d2 Kg8 33. Rd1 Kh8 34. Qb3 Kh7 35. Qb1 1/2-1/2

[Event "Yerevan op-A 5th"]
[Site "Yerevan"]
[Date "2023.10.02"]
[Round "4"]
[White "Alaverdyan, Gevorg"]
[Black "Movahed, Sina"]
[Result "1-0"]
[WhiteElo "2260"]
[BlackElo "2441"]
[PlyCount "117"]
[EventDate "2023.09.29"]
[EventType "swiss"]
[EventRounds "9"]
[EventCountry "ARM"]
[SourceTitle "CBM 216 Extra"]
[Source "ChessBase"]
[SourceDate "2023.11.30"]
[SourceVersion "1"]
[SourceVersionDate "2023.11.30"]
[SourceQuality "1"]

1. e4 c5 2. Nf3 d6 3. d4 cxd4 4. Nxd4 Nf6 5. Nc3 a6 6. Be2 e5 7. Nb3 Be6 8. 0-0 Nbd7 9. Be3 Be7 10. Qd2 0-0 11. a4 Nb6 12. a5 Nc4 13. Bxc4 Bxc4 14. Rfd1 Qc8 15. Bg5 Qe6 16. Bxf6 gxf6 17. Nd5 Rad8 18. Ne3 Bb5 19. Nc1 Bc6 20. Qd3 Kh8 21. Ne2 Rg8 22. Ng3 Rg5 23. c4 Rdg8 24. Ngf5 Rxg2+ 25. Nxg2 Rxg2+ 26. Kxg2 Qxf5 27. f3 Qh5 28. Qc2 f5 29. Rd5 Bg5 30. Rf1 Bxd5 31. cxd5 Bf4 32. Kh1 Kg7 33. exf5 Kf6 34. Rf2 Be3 35. Rf1 Bf4 36. Qf2 Kxf5 37. Qg2 Kf6 38. Rg1 Ke7 39. Re1 Qh4 40. Re2 h5 41. Re4 Kf8 42. Kg1 Qd8 43. b4 b6 44. Qa2 bxa5 45. bxa5 h4 46. Kg2 Qg5+ 47. Kf1 h3 48. Qf2 Bd2 49. Qg3 Qd8 50. Rg4 Qxa5 51. Rg8+ Ke7 52. Qh4+ Kd7 53. Qxh3+ Ke7 54. Qh4+ Kd7 55. Qc4 Ke7 56. Rc8 Qa1+ 57. Kg2 Ba5 58. Qh4+ Kd7 59. Qh8 1-0